000 00314nam a22001337a 4500
008 180213b xxu||||| |||| 00| 0 eng d
020 _a9780547061177
041 _aeng
080 _27th
_a51
100 _a36
101 _aMAT
245 _aIntroductory algebra in applied approach
_cAufman,R.N
942 _2udc
_cBK
999 _c42414
_d42414